Académie Royale de Belgique. Extrait des Bulletins de la Classe des Beaux-Arts ... (Record no. 35929)
[ view plain ]
| 000 -LEADER | |
|---|---|
| campo de control de longitud fija | 00680nam a2200205 i 4500 |
| 001 - NÚMERO DE CONTROL | |
| campo de control | C00036751c |
| 005 - FECHA Y HORA DE LA ÚLTIMA TRANSACCIÓN | |
| campo de control | 20241029144951.0 |
| 008 - DATOS DE LONGITUD FIJA--INFORMACIÓN GENERAL | |
| campo de control de longitud fija | 981222s1925 be 000 0 fre d |
| 080 ## - NÚMERO DE LA CLASIFICACIÓN DECIMAL UNIVERSAL | |
| Número de la Clasificación Decimal Universal | 75(493)(042) |
| 100 1# - ENTRADA PRINCIPAL--NOMBRE DE PERSONA | |
| Nombre de persona | Loo, Hulin de. |
| 9 (RLIN) | 15960 |
| 245 10 - MENCIÓN DEL TÍTULO | |
| Título | Académie Royale de Belgique. Extrait des Bulletins de la Classe des Beaux-Arts ... |
| Resto del título | : Concours Annuel de 1925 / |
| Mención de responsabilidad, etc. | rappor de Hulin de Loo. |
| 260 ## - PUBLICACIÓN, DISTRIBUCIÓN, ETC. | |
| Lugar de publicación, distribución, etc. | Bruxelles : |
| Nombre del editor, distribuidor, etc. | Marcel Hayez, |
| Fecha de publicación, distribución, etc. | 1925. |
| 300 ## - DESCRIPCIÓN FÍSICA | |
| Extensión | 11 p. ; |
| Dimensiones | 25 cm. |
| 500 ## - NOTA GENERAL | |
| Nota general | Ded. autogr. |
| 500 ## - NOTA GENERAL | |
| Nota general | Legado Allende-Salazar. |
| 650 ## - PUNTO DE ACCESO ADICIONAL DE MATERIA--TÉRMINO DE MATERIA | |
| Término de materia o nombre geográfico como elemento de entrada | Pintura flamenca- |
| Subdivisión de forma | Discursos, ensayos, conferencias. |
| 9 (RLIN) | 90408 |
| 852 42 - LOCALIZACIÓN | |
| Número de control de estantería | C-3408 |
| Estatus retirado | Estado de pérdida | Estado de daño | No para préstamo | Colección | Biblioteca de origen | Biblioteca actual | Ubicación en estantería | Fecha de adquisición | Fuente de adquisición | Total de préstamos | Signatura topográfica completa | Código de barras | Visto por última vez | Precio de reemplazo | Tipo de ítem Koha |
|---|---|---|---|---|---|---|---|---|---|---|---|---|---|---|---|
| Real Academia de la Bellas Artes de San Fernando | Real Academia de la Bellas Artes de San Fernando | Depósito 1 | 22/12/1998 | D | C-3408 | 1038938 | 15/10/2024 | 15/10/2024 | Fondo moderno |